000 00348pab a2200157 454500
008 180718b2011 xxu||||| |||| 00| 0 eng d
100 _aLalitha, N.
245 _aSustainable management of local resources
260 _c2011
300 _ap.32-35.
362 _aFeb
650 _aSelf help
773 _aYojana
908 _aN
909 _a90652
999 _c90652
_d90652